LIBRARY & INFORMATION CENTRE, KCAET, TAVANUR

ONLINE PUBLIC ACCESS CATALOGUE (OPAC)

Text book on heat transfer / (Record no. 12188)

MARC details
000 -LEADER
fixed length control field 00570cam a2200229ua 4500
041 ## - LANGUAGE CODE
Language code of text/sound track or separate title eng
082 ## - DEWEY DECIMAL CLASSIFICATION NUMBER
Classification number 621.4022
Item number SUK/TE
100 ## - MAIN ENTRY--AUTHOR NAME
Personal name Sukhatme, S.P .
245 ## - TITLE STATEMENT
Title Text book on heat transfer /
250 ## - EDITION STATEMENT
Edition statement 3 /
260 ## - PUBLICATION, DISTRIBUTION, ETC. (IMPRINT)
Place of publication Hyderabad :
Name of publisher Universities press India Pvt Ltd ,
Year of publication 2004.
300 ## - PHYSICAL DESCRIPTION
Number of Pages 260 ; .
500 ## - GENERAL NOTE
General note 20894-Scheme
942 ## - ADDED ENTRY ELEMENTS (KOHA)
Koha item type Books
Holdings
Withdrawn status Lost status Damaged status Home library Current library Date acquired Full call number Accession Number Koha item type
      KAUAET   07/04/2012 621.4022 20894 Books
      KAUAET KAUAET 07/04/2012 621.4022 21005 Books
      KAUAET KAUAET 07/04/2012 621.4022 21006 Books
      KAUAET KAUAET 07/04/2012 621.4022 21196 Books
free website counter